000 00956nam a2200313 a 4500
001 000107873
003 CHAP
005 20250523113051.0
008 131113s2012 mx cho |r| ||||||spa d
010 _a104335
011 _a105307
020 _a9786071202581
040 _cCHAP
082 0 4 _a709.72
_bP68
100 1 0 _aRodríguez Canto, Adolfo
_998359
245 1 4 _aLas pitayas en las artes plásticas, la historia y la literatura /
_cpor Adolfo Rodríguez Cato.
260 _aChapingo, Méx. :
_bUACH :
_bSAGARPA,
_c2012.
300 _a204 p.
590 _aE11695DGD
_b10
_c20131115
_lUCH01
_h1000
590 _aE11695DGD
_b10
_c20131115
_lUCH01
_h1011
590 _aE5995AHE
_b05
_c20131113
_lUCH01
_h1231
590 _aE5995AHE
_b05
_c20131113
_lUCH01
_h1313
590 _aE5995AHE
_b05
_c20131113
_lUCH01
_h1317
590 _aE5995AHE
_b05
_c20131113
_lUCH01
_h1426
650 1 4 _aPitaya
_xArte.
_9124612
901 _aBK
942 _cLIBRO
942 _n0
999 _c104335
_d104335